01180 2200265 4500001002100000005001500021035002000036007000300056008004100059020001800100082001100118084001700129100003100146245010000177250002000277300003000297650002500327700002600352520041600378264003000794336002100824337003000845338002300875990001600898INLIS00000000000052020260430103729 a0010-0426000519ta260430 g 0 ind  a9789792930498 a006.76 a006.76 WAH b0 aWahana KomputerePengarang1 aBeragam desain game edukasi dengan adobe flash CS5 /cPenulis,Wahana Komputer; Editor,Hernita P aCetakan Pertama a212 :bIlustrasi ;c23 cm 4aPeograman multimedia0 aHernita PePenyunting aAdobe Flash merupakan aplikasi multiguna yang dapat digunakan untuk berbagai kebutuhan, mulai dari menggambar dan membuat animasi hingga menyusun kerangka game edukasi yang interaktif. Buku ini memandu pembaca, terutama tingkat dasar, untuk memanfaatkan fitur-fitur seperti ActionScript, filter, dan custom easing guna menciptakan game edukasi yang menarik dengan sistem pengukuran nilai pengetahuan di dalamnya aYogyakarta :bANDI,c2012 2rdacontentaTeks 2rdamediaaTanpa Perantara 2rdacarrieraVolume aPP000716/19